Statistics for Manchester City's 2011-12 Title Winning Squad

Click here to take the quiz!

General Stats

  • This quiz has been taken 3,161 times
    (3,156 since last reset)
  • The average score is 18 of 25

Answer Stats

HintAnswer% Correct
GK - EnglandJoe Hart
100%
ST - ArgentinaSergio Aguero
97%
DF - BelgiumVincent Kompany
97%
MF - Ivory CoastYaya Toure
96%
ST - Bosnia & HerzegovinaEdin Dzeko
94%
DF - Ivory CoastKolo Toure
94%
MF - SpainDavid Silva
94%
ST - ItalyMario Balotelli
89%
Manager - ItalyRoberto Mancini
84%
ST - ArgentinaCarlos Tevez
83%
MF - EnglandJames Milner
80%
DF - ArgentinaPablo Zabaleta
80%
DF - FranceGael Clichy
79%
MF - FranceSamir Nasri
78%
DF - EnglandJoleon Lescott
75%
MF - NetherlandsNigel de Jong
74%
DF - SerbiaAleksandar Kolarov
74%
DF - EnglandMicah Richards
68%
GK - RomaniaCostimel Pantilimon
66%
MF - EnglandGareth Barry
64%
DF - MontenegroStefan Savic
58%
MF - EnglandAdam Johnson
49%
Assistant Manager - EnglandBrian Kidd
37%
DF - EnglandWayne Bridge
22%
MF - EnglandOwen Hargreaves
14%

Score Distribution

Percentile by Number Answered

Percent of People with Each Score

Your Score History

You have not taken this quiz since the last reset